[Event "4NCL/Div2/BAR2 vs. SLOS2"]
[Site "Wokefield Park ENG"]
[Date "2007.05.05"]
[Round "9.5"]
[White "Pritchett, Craig W"]
[Black "Ruston, Mark R"]
[Result "1-0"]
[WhiteElo "2306"]
[BlackElo "2124"]
[PlyCount "47"]
[EventDate "2007.05.05"]
[EventType "team"]
[EventRounds "11"]
[EventCountry "ENG"]
[WhiteTeam "Barbican 4NCL 2"]
[BlackTeam "Slough Sharks 2"]

1. Nf3 e6 2. c4 b6 3. Nc3 Bb7 4. g3 d5 5. cxd5 exd5 6. d4 Nf6 7. Ne5 Bd6 8.
Qa4+ c6 9. Bg5 O-O 10. Bg2 h6 11. Bxf6 Qxf6 12. f4 Qe7 13. e4 dxe4 14. Bxe4 Bb4
15. O-O Rd8 16. a3 Bd6 17. Rad1 Bxe5 18. dxe5 Nd7 19. b4 Nf8 20. Bxc6 Qc7 21.
b5 Ne6 22. Nd5 Qb8 23. Qe4 Nc5 24. Qf5 1-0

[Event "4NCL/Div2/BAR2 vs. SLOS2"]
[Site "Wokefield Park ENG"]
[Date "2007.05.05"]
[Round "9.6"]
[White "Foster, James J"]
[Black "Coleman, David"]
[Result "1-0"]
[WhiteElo "2067"]
[BlackElo "2249"]
[PlyCount "79"]
[EventDate "2007.05.05"]
[EventType "team"]
[EventRounds "11"]
[EventCountry "ENG"]
[WhiteTeam "Slough Sharks 2"]
[BlackTeam "Barbican 4NCL 2"]

1. c4 Nf6 2. Nc3 Nc6 3. g3 e5 4. Bg2 Bc5 5. e3 O-O 6. Nge2 a6 7. a3 d6 8. O-O
Ba7 9. b4 Bg4 10. h3 Be6 11. d3 Ne8 12. Rb1 Qd7 13. Kh2 Nd8 14. a4 f5 15. a5
Nf6 16. Qa4 Qf7 17. b5 Rc8 18. Ba3 Qh5 19. b6 Bb8 20. c5 cxb6 21. Rxb6 Nd7 22.
Rxb7 Nxb7 23. Bxb7 Nxc5 24. Bxc5 Rxc5 25. d4 Rc7 26. Bg2 f4 27. dxe5 f3 28.
Bxf3 Rxf3 29. exd6 Qxh3+ 30. Kg1 Rcf7 31. Nf4 R3xf4 32. exf4 Bxd6 33. Rd1 Bc5
34. Ne4 Be7 35. Qe8+ Bf8 36. Ng5 Qg4 37. Rd8 Qf5 38. Nxe6 h6 39. Nxf8 Qb1+ 40.
Kh2 1-0

[Event "4NCL/Div2/BAR2 vs. SLOS2"]
[Site "Wokefield Park ENG"]
[Date "2007.05.05"]
[Round "9.7"]
[White "Taylor, Peter"]
[Black "Linford, Charles"]
[Result "1-0"]
[WhiteElo "2224"]
[BlackElo "2141"]
[PlyCount "117"]
[EventDate "2007.05.05"]
[EventType "team"]
[EventRounds "11"]
[EventCountry "ENG"]
[WhiteTeam "Barbican 4NCL 2"]
[BlackTeam "Slough Sharks 2"]

1. Nf3 c5 2. c4 b6 3. g3 Bb7 4. Bg2 Nf6 5. O-O e6 6. Nc3 Be7 7. Re1 O-O 8. e4
d6 9. d4 cxd4 10. Nxd4 Qc8 11. Be3 a6 12. Rc1 Nbd7 13. f4 h6 14. Bf2 Nh7 15. b3
Re8 16. h4 Qd8 17. Bh3 Ndf8 18. Qd3 e5 19. Nf5 exf4 20. gxf4 Ng6 21. Qg3 Nf6
22. Bd4 Bf8 23. Qf3 h5 24. Nd5 Nxd5 25. cxd5 Nxh4 26. Qxh5 Ng6 27. Qg4 Bc8 28.
Qg3 Bd7 29. Rc2 Bxf5 30. Bxf5 Qh4 31. Qxh4 Nxh4 32. Bg4 f5 33. Rh2 Ng6 34. Bxf5
Nxf4 35. Rf1 g5 36. Be6+ Rxe6 37. dxe6 Bg7 38. Bxg7 Kxg7 39. Rd1 Rc8 40. Rxd6
Kf6 41. Rxb6 Ke5 42. e7 Kxe4 43. Rb4+ Kf3 44. Rc4 Re8 45. Rc3+ Ke4 46. Kf2 Nd5
47. Rc4+ Kf5 48. Rc5 Ke4 49. Rh1 Nxe7 50. Re1+ Kd4 51. Rxg5 Rf8+ 52. Ke2 Kc3
53. Kd1 Nf5 54. Kc1 Nd4 55. Rc5+ Kd3 56. Rd1+ Ke3 57. Rc3+ Ke4 58. Rc4 Rd8 59.
Kb2 1-0

[Event "4NCL/Div2/BAR2 vs. SLOS2"]
[Site "Wokefield Park ENG"]
[Date "2007.05.05"]
[Round "9.8"]
[White "Martin, Katie"]
[Black "Regan, Natasha"]
[Result "0-1"]
[WhiteElo "1938"]
[BlackElo "2175"]
[PlyCount "60"]
[EventDate "2007.05.05"]
[EventType "team"]
[EventRounds "11"]
[EventCountry "ENG"]
[WhiteTeam "Slough Sharks 2"]
[BlackTeam "Barbican 4NCL 2"]

1. e4 Nf6 2. e5 Nd5 3. c4 Nb6 4. d4 d6 5. exd6 exd6 6. Nc3 Be7 7. h3 O-O 8. Nf3
Re8 9. Be2 Bf5 10. O-O Bf6 11. Be3 d5 12. cxd5 Nxd5 13. Nxd5 Qxd5 14. Qa4 Bd7
15. Qc2 Nc6 16. Rfd1 Bf5 17. Qd2 Rad8 18. Rac1 a6 19. b3 Be4 20. Rc5 Qd7 21.
Qc1 Be7 22. d5 Nb4 23. Rxc7 Qf5 24. Rxb7 Nxd5 25. Ra7 Rc8 26. Qd2 Bb4 27. Qd4
Bc5 28. Nh4 Bxd4 29. Nxf5 Bxa7 30. Bxa7 Nc3 0-1

[Event "4NCL/Div2/CAMB1 vs. WES1"]
[Site "Wokefield Park ENG"]
[Date "2007.05.05"]
[Round "9.1"]
[White "Dearing, Eddie"]
[Black "Poulton, James"]
[Result "0-1"]
[WhiteElo "2384"]
[BlackElo "2368"]
[PlyCount "80"]
[EventDate "2007.05.05"]
[EventType "team"]
[EventRounds "11"]
[EventCountry "ENG"]
[WhiteTeam "Cambridge U 1"]
[BlackTeam "Wessex 1"]

1. Nf3 Nf6 2. c4 g6 3. g3 Bg7 4. Bg2 O-O 5. O-O d6 6. d4 c6 7. Nc3 Qa5 8. e3
Na6 9. a3 Qh5 10. Nh4 Bg4 11. f3 Be6 12. Qd3 b5 13. b3 bxc4 14. bxc4 Nd7 15. f4
Nb6 16. c5 Bc4 17. Qc2 dxc5 18. Bf3 Qh6 19. Rd1 cxd4 20. exd4 Bf6 21. Na4 Bd5
22. Nxb6 axb6 23. Bxd5 cxd5 24. Nf3 Rfc8 25. Qb3 Qh5 26. Kg2 Nb8 27. Qxb6 Nc6
28. Be3 Na5 29. Bf2 Rc3 30. Ne5 Bxe5 31. dxe5 Qf3+ 32. Kg1 Nc4 33. Qd4 e6 34.
a4 h5 35. a5 Rxa5 36. Rxa5 Nxa5 37. Be1 Rc2 38. Rd2 Rxd2 39. Bxd2 Qd1+ 40. Kg2
Nb3 0-1

[Event "4NCL/Div2/CAMB1 vs. WES1"]
[Site "Wokefield Park ENG"]
[Date "2007.05.05"]
[Round "9.2"]
[White "Corkett, Anthony R"]
[Black "Rajlich, Iweta"]
[Result "0-1"]
[WhiteElo "2335"]
[BlackElo "2392"]
[PlyCount "62"]
[EventDate "2007.05.05"]
[EventType "team"]
[EventRounds "11"]
[EventCountry "ENG"]
[WhiteTeam "Wessex 1"]
[BlackTeam "Cambridge U 1"]

1. c4 g6 2. Nc3 Bg7 3. d4 c5 4. d5 d6 5. e4 e6 6. Bd3 exd5 7. cxd5 a6 8. a4 Ne7
9. Nge2 O-O 10. O-O Nd7 11. Rb1 Ne5 12. Bc2 Qc7 13. f4 Nc4 14. h3 b5 15. axb5
axb5 16. Nxb5 Qd7 17. b3 Nb6 18. Na3 Ba6 19. Bd3 f5 20. Nc4 fxe4 21. Nxb6 exd3
22. Ng3 Qa7 23. Nc4 Nxd5 24. Ne4 Rad8 25. Kh1 Rfe8 26. Re1 Rxe4 27. Rxe4 Nc3
28. Qxd3 d5 29. Bb2 Nxe4 30. Kh2 Bxb2 31. Rxb2 Qb8 0-1

[Event "4NCL/Div2/CAMB1 vs. WES1"]
[Site "Wokefield Park ENG"]
[Date "2007.05.05"]
[Round "9.3"]
[White "Pinter, Gabor"]
[Black "Upton, Ian J"]
[Result "1/2-1/2"]
[WhiteElo "2366"]
[BlackElo "2266"]
[PlyCount "103"]
[EventDate "2007.05.05"]
[EventType "team"]
[EventRounds "11"]
[EventCountry "ENG"]
[WhiteTeam "Cambridge U 1"]
[BlackTeam "Wessex 1"]

1. e4 e6 2. d3 d5 3. Qe2 dxe4 4. dxe4 e5 5. Nf3 Nd7 6. Nbd2 Bc5 7. Nc4 Qe7 8.
Bg5 Ngf6 9. c3 Qe6 10. b4 Be7 11. Qc2 h6 12. Bh4 Nh5 13. Bxe7 Qxe7 14. Ne3 Ndf6
15. Bc4 O-O 16. O-O c6 17. Rad1 g6 18. Bb3 Kh7 19. Nc4 Nd7 20. Rfe1 f6 21. Qd2
Kg7 22. Qd6 Re8 23. Rd2 Nf8 24. Qxe7+ Rxe7 25. Rd8 Ne6 26. Rd6 Nf8 27. Na5 Bg4
28. Nd2 Rae8 29. f3 Bc8 30. g3 Ne6 31. Ndc4 Ng5 32. Kf2 Nf7 33. Rd2 f5 34. Nd6
Nxd6 35. Rxd6 Nf6 36. exf5 gxf5 37. Nc4 e4 38. f4 Be6 39. Ne5 Bxb3 40. axb3 Re6
41. Red1 R8e7 42. c4 Rxd6 43. Rxd6 Ne8 44. Rd8 Nc7 45. Ke3 Na6 46. b5 cxb5 47.
cxb5 Nc7 48. Nc4 Kf6 49. b6 axb6 50. Nxb6 Re6 51. Nc4 Rc6 52. Ke2 1/2-1/2

[Event "4NCL/Div2/CAMB1 vs. WES1"]
[Site "Wokefield Park ENG"]
[Date "2007.05.05"]
[Round "9.4"]
[White "Allicock, Rawle A"]
[Black "Mah, Karl C C"]
[Result "1/2-1/2"]
[WhiteElo "2304"]
[BlackElo "2418"]
[PlyCount "40"]
[EventDate "2007.05.05"]
[EventType "team"]
[EventRounds "11"]
[EventCountry "ENG"]
[WhiteTeam "Wessex 1"]
[BlackTeam "Cambridge U 1"]

1. e4 e6 2. d4 d5 3. Nc3 Bb4 4. exd5 exd5 5. Bd3 c6 6. Nge2 Qf6 7. Bf4 Bd6 8.
Qd2 Bxf4 9. Nxf4 Ne7 10. O-O-O O-O 11. Rhe1 Ng6 12. Nce2 Nd7 13. Qe3 Nb6 14.
Qg3 Nxf4 15. Nxf4 Bd7 16. Re5 Rfe8 17. Rde1 Rxe5 18. Rxe5 Re8 19. Rxe8+ Bxe8
20. Qe3 Bd7 1/2-1/2

[Event "4NCL/Div2/CAMB1 vs. WES1"]
[Site "Wokefield Park ENG"]
[Date "2007.05.05"]
[Round "9.5"]
[White "Bekker-Jensen, David"]
[Black "Webb, Richard M"]
[Result "1-0"]
[WhiteElo "2299"]
[BlackElo "2279"]
[PlyCount "73"]
[EventDate "2007.05.05"]
[EventType "team"]
[EventRounds "11"]
[EventCountry "ENG"]
[WhiteTeam "Cambridge U 1"]
[BlackTeam "Wessex 1"]

1. d4 Nf6 2. c4 g6 3. g3 Bg7 4. Bg2 d5 5. cxd5 Nxd5 6. e4 Nb6 7. Ne2 e5 8. d5
O-O 9. O-O c6 10. Nbc3 Na6 11. b3 cxd5 12. exd5 f5 13. Ba3 Rf7 14. Nb5 Bf8 15.
Bb2 Bg7 16. Qd2 Nc7 17. Nxc7 Qxc7 18. a4 e4 19. d6 Qd8 20. Bxg7 Kxg7 21. Nf4
Qf6 22. f3 exf3 23. Bxf3 Be6 24. a5 Nd7 25. Bxb7 Rb8 26. Bd5 Bxd5 27. Qxd5 Nf8
28. Rac1 Rd8 29. Rfd1 Rfd7 30. Rc6 Qf7 31. Qe5+ Qf6 32. Qd5 Qf7 33. b4 Qxd5 34.
Rxd5 Kf6 35. b5 Ne6 36. Nd3 Ng5 37. Nc5 1-0

[Event "4NCL/Div2/CAMB1 vs. WES1"]
[Site "Wokefield Park ENG"]
[Date "2007.05.05"]
[Round "9.6"]
[White "Simons, Martin J"]
[Black "Moskovic, David M"]
[Result "1/2-1/2"]
[WhiteElo "2224"]
[BlackElo "2286"]
[PlyCount "128"]
[EventDate "2007.05.05"]
[EventType "team"]
[EventRounds "11"]
[EventCountry "ENG"]
[WhiteTeam "Wessex 1"]
[BlackTeam "Cambridge U 1"]

1. e4 c5 2. Nc3 a6 3. g3 b5 4. Bg2 Bb7 5. d3 Nf6 6. Be3 e6 7. f4 Be7 8. Qe2 d5
9. exd5 Nxd5 10. Nxd5 Bxd5 11. Nf3 Nd7 12. O-O O-O 13. Ne5 Nxe5 14. fxe5 c4 15.
d4 Bxg2 16. Qxg2 Qd5 17. Qxd5 exd5 18. Rf5 h6 19. Raf1 a5 20. g4 Ra6 21. R1f2
b4 22. Rh5 a4 23. g5 hxg5 24. Bxg5 Rg6 25. Rg2 Rxg5 26. Rhxg5 Bxg5 27. Rxg5 Rc8
28. Rg3 b3 29. cxb3 a3 30. bxc4 axb2 31. Rb3 Rxc4 32. Rxb2 Rxd4 33. Kf2 Kf8 34.
Ke3 Re4+ 35. Kd3 Rxe5 36. a4 Ke7 37. a5 Kd6 38. a6 Re7 39. Rb6+ Ke5 40. Rb7 Re6
41. Rxf7 Rxa6 42. Rxg7 Ra3+ 43. Kd2 Rh3 44. Rg2 Kd4 45. Rg4+ Kc5 46. Rg2 Kc4
47. Rg4+ d4 48. Rg3 Rxh2+ 49. Kd1 Ra2 50. Rh3 Rg2 51. Rf3 Rg4 52. Kc2 Rg2+ 53.
Kd1 Kd5 54. Rh3 Ke4 55. Rh4+ Kd3 56. Rh3+ Kc4 57. Rf3 d3 58. Rf8 Rg5 59. Rc8+
Rc5 60. Rxc5+ Kxc5 61. Kd2 Kd4 62. Kd1 Kc3 63. Kc1 d2+ 64. Kd1 Kd3 1/2-1/2

[Event "4NCL/Div2/CAMB1 vs. WES1"]
[Site "Wokefield Park ENG"]
[Date "2007.05.05"]
[Round "9.7"]
[White "Pickard, Charles"]
[Black "Yeo, Michael J"]
[Result "1-0"]
[WhiteElo "2160"]
[BlackElo "2147"]
[PlyCount "119"]
[EventDate "2007.05.05"]
[EventType "team"]
[EventRounds "11"]
[EventCountry "ENG"]
[WhiteTeam "Cambridge U 1"]
[BlackTeam "Wessex 1"]

1. Nf3 Nc6 2. d4 d5 3. Bf4 Bg4 4. e3 e6 5. c4 Bb4+ 6. Nc3 Nf6 7. h3 Bxf3 8.
Qxf3 Ne4 9. Rc1 Qe7 10. Qd1 O-O 11. cxd5 exd5 12. Be2 Rad8 13. Bf3 Nxc3 14.
bxc3 Bd6 15. Bxd6 Rxd6 16. Qa4 Rfd8 17. O-O Rf6 18. Rfe1 Rdd6 19. e4 Rde6 20.
e5 Rxf3 21. gxf3 Qh4 22. Kf1 Nxe5 23. Rxe5 Rxe5 24. Qd7 Qe7 25. Qc8+ Qe8 26.
Qxb7 Re7 27. Qxd5 h6 28. Rb1 Re6 29. Qc4 Qe7 30. d5 Re5 31. Qd3 g6 32. Qd4 f6
33. Rb8+ Kg7 34. Rb7 Qd7 35. Qg4 Rxd5 36. Qxd7+ Rxd7 37. Rxa7 Kf7 38. Ke2 Ke6
39. Ra6+ Ke5 40. Rc6 g5 41. a4 h5 42. f4+ Kxf4 43. Rxf6+ Ke5 44. Rc6 Re7 45.
Kf3 Rd7 46. Rc5+ Kf6 47. a5 Rd3+ 48. Kg2 Rd2 49. Rxc7 Ra2 50. Rc5 Ra4 51. c4
Kg6 52. Kg3 Ra3+ 53. f3 Ra2 54. h4 gxh4+ 55. Kxh4 Rh2+ 56. Kg3 Ra2 57. Rb5 Ra4
58. Rc5 Kh6 59. Kh4 Kg6 60. f4 1-0

[Event "4NCL/Div2/CAMB1 vs. WES1"]
[Site "Wokefield Park ENG"]
[Date "2007.05.05"]
[Round "9.8"]
[White "Khoo, Selina"]
[Black "Eckersley-Waites, Adam"]
[Result "0-1"]
[WhiteElo "1995"]
[BlackElo "2159"]
[PlyCount "80"]
[EventDate "2007.05.05"]
[EventType "team"]
[EventRounds "11"]
[EventCountry "ENG"]
[WhiteTeam "Wessex 1"]
[BlackTeam "Cambridge U 1"]

1. e4 c5 2. Nf3 d6 3. Bb5+ Bd7 4. Bxd7+ Qxd7 5. O-O Nf6 6. Re1 Nc6 7. c3 e6 8.
d4 cxd4 9. cxd4 d5 10. e5 Ne4 11. Nbd2 Nxd2 12. Bxd2 Be7 13. Rc1 O-O 14. Bc3 a5
15. Qe2 a4 16. Nd2 Nb4 17. a3 Na2 18. Rc2 Rfc8 19. Nb1 Rc4 20. Qd3 Rac8 21. Re3
b5 22. Rh3 h6 23. Qd2 Qc7 24. Rg3 Kh8 25. h3 b4 26. axb4 Bxb4 27. Qd1 a3 28.
Qg4 Rg8 29. b3 Rxc3 30. Nxc3 Nxc3 31. Kh2 a2 32. Rgxc3 Bxc3 33. Rxa2 f6 34. Re2
f5 35. Qf4 Qb6 36. g4 fxg4 37. hxg4 Qxd4 38. Qf3 Bb4 39. Kg2 Rf8 40. Qh3 Bc5
0-1

[Event "4NCL/Div2/HKF2 vs. WRO"]
[Site "Wokefield Park ENG"]
[Date "2007.05.05"]
[Round "9.1"]
[White "Crouch, Colin"]
[Black "Teplitsky, Jan"]
[Result "1/2-1/2"]
[WhiteElo "2373"]
[BlackElo "2448"]
[PlyCount "96"]
[EventDate "2007.05.05"]
[EventType "team"]
[EventRounds "11"]
[EventCountry "ENG"]
[WhiteTeam "H Kingfisher 2"]
[BlackTeam "White Rose"]

1. d4 g6 2. e4 Bg7 3. Nc3 d6 4. Nf3 a6 5. a4 Bg4 6. Bc4 e6 7. Be3 Nc6 8. Qd2
Bxf3 9. gxf3 Nf6 10. Rg1 d5 11. Be2 Qd7 12. e5 Ng8 13. a5 Nge7 14. Na4 Nf5 15.
Nc5 Qe7 16. Nxb7 Nxe3 17. fxe3 Qh4+ 18. Kd1 Qxh2 19. Re1 O-O 20. Qc3 Nxe5 21.
dxe5 Bxe5 22. Qd3 Rfb8 23. Nc5 Rxb2 24. f4 Bf6 25. Nd7 Bg7 26. Ne5 Bxe5 27.
fxe5 Qxe5 28. Qd4 Qxd4+ 29. exd4 Kf8 30. Rh1 h5 31. Rh3 Rb4 32. Rc3 Rxd4+ 33.
Ke1 h4 34. Rxc7 h3 35. Kf2 Kg7 36. Kg3 Rd2 37. Bg4 Kf8 38. Bxh3 f5 39. Re1 Re8
40. Rc6 Kg7 41. Rexe6 Rxe6 42. Rxe6 Rxc2 43. Rxa6 Rc3+ 44. Kh2 Ra3 45. Bf1 d4
46. Ra8 d3 47. a6 Kf6 48. Rd8 Rxa6 1/2-1/2

[Event "4NCL/Div2/HKF2 vs. WRO"]
[Site "Wokefield Park ENG"]
[Date "2007.05.05"]
[Round "9.2"]
[White "Kaid, Almar"]
[Black "Lipinsky, Fabian"]
[Result "1/2-1/2"]
[WhiteElo "2276"]
[BlackElo "2357"]
[PlyCount "46"]
[EventDate "2007.05.05"]
[EventType "team"]
[EventRounds "11"]
[EventCountry "ENG"]
[WhiteTeam "White Rose"]
[BlackTeam "H Kingfisher 2"]

1. c4 e6 2. Nf3 d5 3. d4 c6 4. Qc2 Nf6 5. g3 dxc4 6. Qxc4 b5 7. Qd3 Nbd7 8. Bg2
a6 9. O-O Bb7 10. Be3 c5 11. dxc5 Bxc5 12. Nbd2 Qb6 13. Bxc5 Nxc5 14. Qe3 O-O
15. Nb3 Rfc8 16. Ne5 Bxg2 17. Kxg2 Nd5 18. Qf3 f6 19. Nxc5 fxe5 20. Nd3 Qd4 21.
e4 Nf6 22. Rac1 Nxe4 23. Qg4 Ng5 1/2-1/2

[Event "4NCL/Div2/HKF2 vs. WRO"]
[Site "Wokefield Park ENG"]
[Date "2007.05.05"]
[Round "9.3"]
[White "Broomfield, Matthew"]
[Black "Yepes, Eduardo"]
[Result "0-1"]
[WhiteElo "2348"]
[BlackElo "2291"]
[PlyCount "96"]
[EventDate "2007.05.05"]
[EventType "team"]
[EventRounds "11"]
[EventCountry "ENG"]
[WhiteTeam "H Kingfisher 2"]
[BlackTeam "White Rose"]

1. d4 f5 2. c4 Nf6 3. Nf3 d6 4. g3 g6 5. Bg2 Bg7 6. O-O O-O 7. Nc3 Nc6 8. d5
Ne5 9. Nxe5 dxe5 10. Qb3 h6 11. c5 Kh8 12. Rd1 a6 13. Bd2 Qe8 14. Be1 Rb8 15.
d6 exd6 16. cxd6 Be6 17. Qa3 cxd6 18. Rxd6 Rf7 19. Qa5 Bf8 20. Rb6 e4 21. Qe5
Bd7 22. Qxe8 Bxe8 23. e3 Bc6 24. Ne2 Nd5 25. Bc3+ Kh7 26. Rxc6 bxc6 27. Be5 Re8
28. Bc3 Nxc3 29. Nxc3 Rd8 30. Rc1 Rfd7 31. Bf1 a5 32. Na4 c5 33. Kg2 Rd1 34.
Rc4 Ra1 35. Nc3 Bg7 36. Rxc5 Bxc3 37. bxc3 Rxa2 38. Bc4 Rc2 39. Bb3 Rb2 40. Bd5
a4 41. c4 a3 42. Rc7+ Kh8 43. Ra7 a2 44. g4 Rd2 45. gxf5 gxf5 46. Be6 R8d6 47.
Bd5 Rg6+ 48. Kh3 Rxf2 0-1

[Event "4NCL/Div2/HKF2 vs. WRO"]
[Site "Wokefield Park ENG"]
[Date "2007.05.05"]
[Round "9.4"]
[White "Adams, David M"]
[Black "Lindner, Daniel"]
[Result "1-0"]
[WhiteElo "2225"]
[BlackElo "2253"]
[PlyCount "85"]
[EventDate "2007.05.05"]
[EventType "team"]
[EventRounds "11"]
[EventCountry "ENG"]
[WhiteTeam "White Rose"]
[BlackTeam "H Kingfisher 2"]

1. e4 e5 2. Bc4 Nc6 3. d3 Nf6 4. Nf3 Be7 5. O-O O-O 6. c3 d6 7. Bb3 Na5 8. Bc2
c5 9. Re1 Qc7 10. Nbd2 b5 11. Nf1 Bb7 12. Ne3 Rfe8 13. b4 cxb4 14. cxb4 Nc6 15.
a3 a5 16. Bb3 Bf8 17. Bb2 h6 18. Rc1 Qd7 19. bxa5 Nxa5 20. Ba2 Nc6 21. Nh4 b4
22. Ng6 bxa3 23. Nxf8 Rxf8 24. Bc3 Nd4 25. f4 Rfe8 26. Rf1 Qd8 27. fxe5 dxe5
28. Ng4 Ra6 29. Kh1 Bc8 30. Nxe5 Rxe5 31. Bxd4 Qxd4 32. Rxc8+ Kh7 33. Qb3 Rg5
34. Qxf7 Ra7 35. Qf8 Qb2 36. Qh8+ Kg6 37. Rxf6+ Kh5 38. g4+ Kh4 39. Rxh6+ gxh6
40. Qxh6+ Kxg4 41. Be6+ Kf3 42. Qxg5 Qb1+ 43. Rc1 1-0

[Event "4NCL/Div2/HKF2 vs. WRO"]
[Site "Wokefield Park ENG"]
[Date "2007.05.05"]
[Round "9.5"]
[White "McFarland, Robert S"]
[Black "Gayson, Peter M"]
[Result "1/2-1/2"]
[WhiteElo "2233"]
[BlackElo "2235"]
[PlyCount "160"]
[EventDate "2007.05.05"]
[EventType "team"]
[EventRounds "11"]
[EventCountry "ENG"]
[WhiteTeam "H Kingfisher 2"]
[BlackTeam "White Rose"]

1. Nf3 f5 2. g3 d6 3. d4 g6 4. b3 Nf6 5. Bb2 Bg7 6. Bg2 O-O 7. O-O e5 8. dxe5
Ng4 9. Qd5+ Kh8 10. Na3 c6 11. Qd2 Nxe5 12. Nxe5 dxe5 13. Qxd8 Rxd8 14. Rad1
Re8 15. e4 Be6 16. Nc4 Bxc4 17. bxc4 Na6 18. exf5 gxf5 19. Bh3 f4 20. gxf4 exf4
21. Bxg7+ Kxg7 22. Rd7+ Kf6 23. Rxb7 Re7 24. Rxe7 Rg8+ 25. Kh1 Kxe7 26. Re1+
Kd6 27. Re6+ Kc5 28. Bg2 Rg6 29. Re7 Nb4 30. Be4 Rd6 31. a3 Na2 32. Rxa7 h6 33.
Kg2 Kxc4 34. Rf7 Nc3 35. Bd3+ Kc5 36. Rxf4 Nd5 37. Rc4+ Kb6 38. Kg3 c5 39. Rg4
Nf6 40. Ra4 Kb7 41. Kf4 Nd7 42. f3 Rf6+ 43. Kg3 Ne5 44. Be4+ Kb6 45. f4 Ng6 46.
Bd3 Kb7 47. Re4 Kc7 48. a4 Kb6 49. f5 Nf8 50. Re7 Ka5 51. Ra7+ Kb4 52. Kg4 Rd6
53. Rf7 Nd7 54. Re7 c4 55. Be4 Nf6+ 56. Kf4 Rd2 57. h4 Rf2+ 58. Kg3 Nxe4+ 59.
Rxe4 Rxf5 60. Re6 h5 61. Rb6+ Kc3 62. Rb5 Rf1 63. Rxh5 Kxc2 64. Rh8 c3 65. a5
Ra1 66. Ra8 Kd2 67. Rd8+ Kc1 68. Ra8 c2 69. a6 Kd2 70. Rc8 c1=Q 71. Rxc1 Kxc1
72. Kf4 Ra5 73. Kg4 Kd2 74. h5 Rxa6 75. Kg5 Ke3 76. h6 Ke4 77. h7 Ra8 78. Kf6
Kf4 79. Kg7 Ra7+ 80. Kg6 Rxh7 1/2-1/2

[Event "4NCL/Div2/HKF2 vs. WRO"]
[Site "Wokefield Park ENG"]
[Date "2007.05.05"]
[Round "9.6"]
[White "Barrett, Steve J"]
[Black "Andersson, Christin"]
[Result "1-0"]
[WhiteElo "2200"]
[BlackElo "2224"]
[PlyCount "81"]
[EventDate "2007.05.05"]
[EventType "team"]
[EventRounds "11"]
[EventCountry "ENG"]
[WhiteTeam "White Rose"]
[BlackTeam "H Kingfisher 2"]

1. d4 d5 2. c4 c6 3. Nc3 dxc4 4. e4 Nf6 5. e5 Nd5 6. Bxc4 e6 7. Nf3 Be7 8. O-O
O-O 9. Qe2 Nd7 10. Rd1 Re8 11. Ne4 Nf8 12. h4 b5 13. Bd3 f5 14. exf6 Nxf6 15.
Ne5 Bb7 16. Bg5 Nxe4 17. Bxe4 Bxg5 18. hxg5 Qxg5 19. Rd3 Rac8 20. Rg3 Qe7 21.
Rf3 Rc7 22. Rd1 Rd8 23. Rdd3 a5 24. Rxf8+ Kxf8 25. Bxh7 Qf6 26. Rf3 Rxd4 27.
Ng6+ Kf7 28. Rxf6+ gxf6 29. Qh5 Rd5 30. Bg8+ Kxg8 31. Qh8+ Kf7 32. Qh7+ Ke8 33.
Qxc7 Rd7 34. Qxa5 e5 35. Qb4 Kf7 36. Qg4 Rd4 37. Nh8+ Kf8 38. Qg6 Rd7 39. Qxf6+
Ke8 40. Qxe5+ Kd8 41. Ng6 1-0

[Event "4NCL/Div2/HKF2 vs. WRO"]
[Site "Wokefield Park ENG"]
[Date "2007.05.05"]
[Round "9.7"]
[White "Wilson, Alexandra"]
[Black "Faulks, Nick"]
[Result "1-0"]
[WhiteElo "2034"]
[BlackElo "2094"]
[PlyCount "57"]
[EventDate "2007.05.05"]
[EventType "team"]
[EventRounds "11"]
[EventCountry "ENG"]
[WhiteTeam "H Kingfisher 2"]
[BlackTeam "White Rose"]

1. e4 c5 2. Nf3 e6 3. c3 Nf6 4. e5 Nd5 5. d4 cxd4 6. cxd4 d6 7. a3 Qc7 8. b4
Nd7 9. Bb2 N7b6 10. Nbd2 Bd7 11. Rc1 Qd8 12. Ne4 f5 13. Nxd6+ Bxd6 14. exd6 O-O
15. Qd2 Rc8 16. Bd3 Rxc1+ 17. Bxc1 Nc8 18. O-O Nxd6 19. Re1 Qc8 20. Ne5 Bb5 21.
Bxb5 Nxb5 22. Bb2 Nd6 23. Qe2 Qe8 24. Nd3 Rf6 25. Nc5 f4 26. Qe5 Qc6 27. Nxe6
Rg6 28. Nd8 Qc4 29. Qe8+ 1-0

[Event "4NCL/Div2/HKF2 vs. WRO"]
[Site "Wokefield Park ENG"]
[Date "2007.05.05"]
[Round "9.8"]
[White "Kharam, Irene"]
[Black "Parmar, Amisha"]
[Result "0-1"]
[WhiteElo "2000"]
[BlackElo "1994"]
[PlyCount "77"]
[EventDate "2007.05.05"]
[EventType "team"]
[EventRounds "11"]
[EventCountry "ENG"]
[WhiteTeam "White Rose"]
[BlackTeam "H Kingfisher 2"]

1. d4 Nf6 2. c4 g6 3. Nc3 Bg7 4. e4 d6 5. f3 O-O 6. Bg5 c5 7. d5 Qa5 8. Qd2 a6
9. a4 Re8 10. Nge2 e6 11. dxe6 Bxe6 12. Nf4 Nc6 13. Ncd5 Bxd5 14. Nxd5 Nxd5 15.
cxd5 Bxb2 16. Qxa5 Nxa5 17. Rb1 Bc3+ 18. Bd2 Bxd2+ 19. Kxd2 c4 20. Rb6 Red8 21.
Kc3 Rac8 22. Kb4 Nb3 23. Bxc4 Nc5 24. a5 Rc7 25. Ra1 Kf8 26. Bf1 Ke7 27. Re1
Nd7 28. f4 Nxb6 29. axb6 Rc5 30. g4 Kf8 31. h4 Re8 32. Re2 Rb5+ 33. Kc4 Rc8+
34. Kd4 Rb4+ 35. Ke3 Rc3+ 36. Kf2 Rxb6 37. f5 Rbb3 38. Bg2 gxf5 39. exf5 0-1

[Event "4NCL/Div2/BARY vs. OXF1"]
[Site "Wokefield Park ENG"]
[Date "2007.05.05"]
[Round "9.1"]
[White "Hodgson, John H"]
[Black "Savage, Ben D"]
[Result "0-1"]
[WhiteElo "2235"]
[BlackElo "2332"]
[PlyCount "153"]
[EventDate "2007.05.05"]
[EventType "team"]
[EventRounds "11"]
[EventCountry "ENG"]
[WhiteTeam "Barbican Yth"]
[BlackTeam "Oxford 1"]

1. e4 e5 2. Nf3 Nc6 3. Bb5 a6 4. Ba4 Nf6 5. O-O Be7 6. Re1 b5 7. Bb3 d6 8. c3
O-O 9. h3 Na5 10. Bc2 c5 11. d4 Nd7 12. Nbd2 exd4 13. cxd4 Nc6 14. d5 Nce5 15.
Nxe5 Nxe5 16. a4 Rb8 17. f4 Ng6 18. Nf3 Bh4 19. Rf1 Bg3 20. f5 Ne5 21. axb5
axb5 22. Ng5 Nd7 23. Nxh7 Kxh7 24. f6 g6 25. Qg4 Be5 26. Qh4+ Kg8 27. Bg5 c4
28. Rf3 b4 29. Raf1 b3 30. Bb1 Qb6+ 31. Kh1 Qd4 32. Qh6 Nxf6 33. Rxf6 Bd7 34.
R6f2 Bg7 35. Qh4 c3 36. bxc3 Qxc3 37. Bf6 Bxf6 38. Qxf6 Qxf6 39. Rxf6 Bb5 40.
Re1 Rfd8 41. Rf3 Bc4 42. Rc3 Rb4 43. Rec1 Bb5 44. Rc8 Re8 45. Rxe8+ Bxe8 46.
Kg1 Kg7 47. Kf2 Kf6 48. h4 Rb7 49. Ke3 Ke5 50. g4 Bd7 51. g5 b2 52. Rc3 Ba4 53.
Kd2 Kd4 54. Rd3+ Ke5 55. Rc3 Bd7 56. Rc4 Bg4 57. Kc3 Be2 58. Ra4 Bd1 59. Rc4
Bf3 60. Ra4 Bd1 61. Ra8 Bf3 62. Ra4 Bg2 63. Rc4 Kf4 64. Ra4 Ke3 65. Ra8 Ke2 66.
Ra2 Ke3 67. Ra8 Bf3 68. Ra4 Bd1 69. Ra8 Rb3+ 70. Kc4 Kd2 71. e5 dxe5 72. d6 Rb7
73. Kc5 Bc2 74. Ba2 Bf5 75. Re8 Ra7 76. Bb1 Bxb1 77. Re7 0-1

[Event "4NCL/Div2/BARY vs. OXF1"]
[Site "Wokefield Park ENG"]
[Date "2007.05.05"]
[Round "9.2"]
[White "Ozeren, Kemal"]
[Black "Manley, Jon P"]
[Result "1-0"]
[WhiteElo "2310"]
[BlackElo "2183"]
[PlyCount "67"]
[EventDate "2007.05.05"]
[EventType "team"]
[EventRounds "11"]
[EventCountry "ENG"]
[WhiteTeam "Oxford 1"]
[BlackTeam "Barbican Yth"]

1. c4 g6 2. Nf3 Bg7 3. Nc3 d6 4. d4 Nf6 5. e4 O-O 6. Be2 e5 7. d5 a5 8. Bg5 h6
9. Bh4 Na6 10. Nd2 Qe8 11. O-O Bd7 12. Rb1 Nh7 13. a3 h5 14. h3 a4 15. b4 axb3
16. Nxb3 b6 17. Nb5 Qc8 18. a4 Nc5 19. Nxc5 bxc5 20. Ra1 f5 21. f3 Bh6 22. exf5
gxf5 23. Bd3 Kh8 24. Ra2 Rg8 25. f4 Bxf4 26. Rxf4 exf4 27. Qxh5 Rf8 28. Be1 Be8
29. Bc3+ Kg8 30. Qh6 Qd7 31. Re2 Qf7 32. Bxf5 Bd7 33. Bxd7 Qxd7 34. Qg6+ 1-0